[Event "Noisy le Grand op"]
[Site "Noisy le Grand"]
[Date "2003.??.??"]
[Round "1"]
[White "Federici, Laurent"]
[Black "Gregoire, Joel"]
[Result "1-0"]
[WhiteElo "1430"]
[BlackElo "1860"]
[PlyCount "93"]
[EventDate "2003.05.??"]
[EventType "swiss"]
[EventRounds "7"]
[EventCountry "FRA"]
[SourceTitle "EXT 2005"]
[Source "ChessBase"]
[SourceDate "2004.11.15"]
[SourceVersion "1"]
[SourceVersionDate "2004.11.15"]
[SourceQuality "1"]

1. e4 d6 2. d4 Nf6 3. Nc3 g6 4. Bg5 Bg7 5. f3 Nbd7 6. Qd2 c5 7. Nge2 a6 8. 0-0-0 cxd4 9. Nxd4 0-0 10. Bh6 b5 11. Bxg7 Kxg7 12. Nc6 Qe8 13. g4 Bb7 14. Na5 Qc8 15. Nxb7 Qxb7 16. g5 Nh5 17. Be2 Qa7 18. f4 Qf2 19. Rdf1 Qh4 20. Rhg1 f6 21. gxf6+ Ndxf6 22. f5 Rg8 23. fxg6 hxg6 24. Bd3 e5 25. Be2 Rad8 26. Bxh5 Qxh5 27. Rf5 Qh4 28. Qg2 Kf7 29. Rg5 Qh6 30. Kb1 Rg7 31. Rf1 Ke7 32. Rg1 Rdg8 33. Qf2 b4 34. Nd5+ Nxd5 35. exd5 Qh3 36. R5g3 Rf8 37. Qxf8+ Kxf8 38. Rxh3 Ke7 39. Rhg3 Kf6 40. Rf1+ Ke7 41. h4 Rh7 42. Rg4 Rh6 43. h5 gxh5 44. Rg7+ Ke8 45. Rff7 h4 46. Ra7 Kf8 47. Rgb7 1-0

[Event "Noisy le Grand op"]
[Site "Noisy le Grand"]
[Date "2003.??.??"]
[Round "4"]
[White "Gregoire, Joel"]
[Black "Veron, Cyprien"]
[Result "1/2-1/2"]
[WhiteElo "1860"]
[BlackElo "2106"]
[PlyCount "75"]
[EventDate "2003.05.??"]
[EventType "swiss"]
[EventRounds "7"]
[EventCountry "FRA"]
[SourceTitle "EXT 2005"]
[Source "ChessBase"]
[SourceDate "2004.11.15"]
[SourceVersion "1"]
[SourceVersionDate "2004.11.15"]
[SourceQuality "1"]

1. d4 d5 2. Nf3 c6 3. Bf4 Nf6 4. e3 e6 5. Bd3 Nbd7 6. Nbd2 Be7 7. h3 0-0 8. 0-0 c5 9. c3 b6 10. Ne5 Nxe5 11. dxe5 Ne8 12. Qh5 g6 13. Qh6 f6 14. Nf3 Rf7 15. exf6 Bxf6 16. Be5 Bxe5 17. Nxe5 Rg7 18. f4 Nd6 19. Rf3 Nf5 20. Bxf5 exf5 21. h4 Qe8 22. Qg5 Ba6 23. Rf2 Qd8 24. Qxd8+ Rxd8 25. Rd2 Bb7 26. Rad1 Re8 27. c4 dxc4 28. Rd7 Rge7 29. Nxc4 Kf8 30. Kf2 Rxd7 31. Rxd7 Re7 32. Rd8+ Kg7 33. Ne5 Kf6 34. g3 Be4 35. Ke2 Bb7 36. Kd2 Bg2 37. Kc3 Bf1 38. Kd2 1/2-1/2

[Event "Noisy le Grand op"]
[Site "Noisy le Grand"]
[Date "2003.??.??"]
[Round "3"]
[White "Truitard, Jean Francois"]
[Black "Gregoire, Joel"]
[Result "0-1"]
[WhiteElo "1600"]
[BlackElo "1860"]
[PlyCount "84"]
[EventDate "2003.05.??"]
[EventType "swiss"]
[EventRounds "7"]
[EventCountry "FRA"]
[SourceTitle "EXT 2005"]
[Source "ChessBase"]
[SourceDate "2004.11.15"]
[SourceVersion "1"]
[SourceVersionDate "2004.11.15"]
[SourceQuality "1"]

1. d4 d5 2. c4 c6 3. cxd5 cxd5 4. Nf3 Nf6 5. Nc3 e6 6. Bf4 Qb6 7. Qb3 Qxb3 8. axb3 Bd7 9. e3 Nc6 10. Bb5 Nb4 11. Bxd7+ Nxd7 12. Kd2 a6 13. Rhc1 Rc8 14. Ne5 Nxe5 15. Bxe5 f6 16. Bg3 Be7 17. Na4 Rxc1 18. Rxc1 Nc6 19. Nc5 Bxc5 20. Rxc5 Kd7 21. f3 Rc8 22. Be1 Na7 23. b4 b6 24. Rc2 Rxc2+ 25. Kxc2 Kc6 26. Kd3 h5 27. h4 f5 28. f4 Kb5 29. Kc3 Ka4 30. b3+ Ka3 31. Kc2 Nc6 32. b5 axb5 33. Bc3 Na5 34. Bb2+ Ka2 35. b4 Nc6 36. Kc3 Nxb4 37. Kxb4 Kxb2 38. Kxb5 Kc3 39. Kxb6 Kd3 40. Kc6 Kxe3 41. Kd6 Kxd4 42. Kxe6 Ke4 0-1